000 00290nam a22001337a 4500
008 170324b xxu||||| |||| 00| 0 eng d
020 _a9780801668197
041 _aeng
080 _23 ED
_a615.83
100 _a8
101 _aSHM
245 _aEXERCISE HEART
_cFROELICHER
942 _2udc
_cBK
999 _c8558
_d8558